| 000 | 00922nam a2200169 a 4500 | ||
|---|---|---|---|
| 008 | 090304s1995 ||||||||||||||||| || u | ||
| 050 | _aGOV.ZAM(02)1995/7A | ||
| 110 | _aGovernment of the Republic of Zambia. Ministry of Education | ||
| 245 | 1 | 0 |
_aPreventive maintenance manual for primary schools _cZambia Education Sector Support Programme (ESSP) |
| 260 |
_aLusaka _bZambia Educational Publishing House _c1995 |
||
| 300 | _a45p.: ill | ||
| 350 | _a0.00 | ||
| 650 | 0 | _aEDUCATIONAL TESTS AND MEASUREMENTS | |
| 650 | _aPRIMARY SCHOOL FACILITIES--ZAMBIA--MAINTENANCE AND REPAIR--HANDBOOKS, MANUALS, ETC | ||
| 995 |
_aSPECIAL COLLECTIONS _D0.00 _e025051 _FCBU-MAIN LIBRARY (Kitwe) _H1 _I0.00 _jGOV.ZAM(02)1995/7A _M1 _UAVAILABLE _WMar 4, 2009 _y025051 _ZZambiana Collection |
||
| 995 |
_aSPECIAL COLLECTIONS _D0.00 _e025052 _FCBU-MAIN LIBRARY (Kitwe) _H1 _I0.00 _jGOV.ZAM(02)1995/7B _M2 _UAVAILABLE _WApr 22, 2009 _y025052 _ZZambiana Collection |
||
| 999 |
_c77045 _d77045 |
||